| 000 | 00382nam a2200145Ia 4500 | ||
|---|---|---|---|
| 008 | 220217s9999||||xx |||||||||||||| ||und|| | ||
| 020 | _a9781259006197 | ||
| 082 | _a621.43 GAN | ||
| 100 | _aGanesan, V | ||
| 245 | 0 | _aInternal combustion engines | |
| 250 | _a4th | ||
| 260 |
_aMcgraw hill book company _bNew Delhi _c2016 |
||
| 300 |
_aXXXVI, 730p. _b625 |
||
| 650 | _aMachine | ||
| 999 |
_c187262 _d187262 |
||